Statystyki dla QUIZ MNOŻENIE DO 100

Kliknij tutaj aby rozwiązać quiz!

Ogólne statystyki

  • Ten quiz został rozwiązany 37 razy
  • Średni wynik to 95 z 100

Statystyki odpowiedzi

JAKIE DZIAŁANIEODPOWIEDŹ% Poprawnych
1X1=1
100%
1X2= | 2X1=2
100%
1X3= | 3X1=3
100%
1X4= | 2X2= | 4X1=4
100%
1X5= | 5X1=5
100%
1X6= | 2X3= | 3X2= | 6X1=6
100%
1X7= | 7X1=7
100%
1X8= | 2X4= | 4X2= | 8X1=8
100%
1X9= | 3X3= | 9X1=9
100%
10X1 | 1X10= | 2X5= | 5X2=10
97%
2X6= | 3X4= | 4X3= | 6X2=12
97%
2X7= | 7X2=14
97%
2X8= | 4X4= | 8X2=16
97%
10X2 | 2X10= | 4X5= | 5X4=20
97%
10X3 | 3X10= | 5X6= | 6X5=30
97%
4X8= | 8X4=32
97%
10X4 | 4X10= | 5X8= | 8X5=40
97%
3X5= | 5X3=15
94%
2X9= | 3X6= | 6X3= | 9X2=18
94%
3X7= | 7X3=21
94%
3X8= | 4X6= | 6X4= | 8X3=24
94%
5X5=25
94%
4X7= | 7X4=28
94%
4X9= | 6X6= | 9X4=36
94%
10X6 | 6X10=60
94%
10X10100
91%
3X9= | 9X3=27
91%
5X7= | 7X5=35
91%
6X7= | 7X6=42
91%
7X7=49
91%
10X5 | 5X10=50
91%
10X7 | 7X10=70
91%
8X9= | 9X8=72
91%
10X8 | 8X10=80
91%
5X9= | 9X5=45
89%
10X9 | 9X1090
89%
6X8= | 8X6=48
86%
6X9=54
86%
9X9=81
86%
9X6=
54
86%
7X9= | 9X7=63
83%
8X8=64
83%
7X8= | 8X7=56
77%

Rozkład punktacji

Percentyl według liczby udzielonych odpowiedzi

Procent ludzi z każdym wynikiem

Twoja historia wyników

Nie rozwiązałeś tego quizu